000 00925nam a2200229Ia 4500
003 GCL
008 140319s9999 xx 000 0 ara d
040 _aGCL /
_cGCL
082 0 4 _aق
_b962.03
_bم ت
100 1 _aمصطفى محمد رمضان
245 1 0 _aتاريخ الحركة الوطنية وجذور النضال المصرى /
_cمصطفى محمد رمضان
300 _a319 ص
490 _aدراسات فى تاريخ مصر الحديثة المعاصر
_v0
650 0 4 _aالعصر الحديث
650 0 4 _aعباس حلمى الاول 1853-1849
650 0 4 _aمحمد سعيد 1863-1854
650 0 4 _aالامبراطورية العثمانية
650 0 4 _aمصر - تاريخ
650 0 4 _aمصر - تاريخ - العصر الحديث - الثورة العرابية
650 0 4 _aمصر - تاريخ - العصر الحديث - عصر اسماعيل ( 1863-1879 م )
942 _2ddc
_cBK
999 _c49640
_d49640